V kapse máš klíče od Armády spásy /

Čtvrtá samostatně vydaná sbírka nymburského básníka a muzikanta zahrnuje verše z let 2019 až 2024 a je z velké části inspirována autorovou činností v denním centru, azylovém domě a noclehárně v Praze-Holešovicích.

Hlavní autor: Trejbal, Lukáš, 1967-
Jazyk: Čeština
Vydáno: Liberec : Bor, 2024
Vydání: Vydání první
Edice: Sapfó
Témata:
Fyzický popis: 114 stran : ilustrace ; 20 cm
Knihy
Uloženo v:
LEADER 02299cam a2200409 i 4500
001 nkc20243640196
003 CZ PrNK
005 20250211093324.0
007 ta
008 241126s2024 xr a g 000 p cze d
015 |a cnb003640196 
020 |a 978-80-88367-44-4  |q (brožováno) 
035 |a (OCoLC)1505965654 
040 |a LIA001  |b cze  |d ABG001  |d BOA001  |e rda 
072 7 |a 821.162.3-1  |x Česká poezie  |2 Konspekt  |9 25 
080 |a 821.162.3-1  |2 MRF 
080 |a (0:82-1)  |2 MRF 
100 1 |a Trejbal, Lukáš,  |d 1967-  |7 mzk2006337129  |4 aut 
245 1 0 |a V kapse máš klíče od Armády spásy /  |c Lukáš Trejbal 
250 |a Vydání první 
264 1 |a Liberec :  |b Bor,  |c 2024 
300 |a 114 stran :  |b ilustrace ;  |c 20 cm 
336 |a text  |b txt  |2 rdacontent 
337 |a bez média  |b n  |2 rdamedia 
338 |a svazek  |b nc  |2 rdacarrier 
490 1 |a Sapfó 
520 2 |a Čtvrtá samostatně vydaná sbírka nymburského básníka a muzikanta zahrnuje verše z let 2019 až 2024 a je z velké části inspirována autorovou činností v denním centru, azylovém domě a noclehárně v Praze-Holešovicích.  |b Vliv azylového domu je ve sbírce všudypřítomný, odráží se na formě básní, které jsou hodně civilní a postrádají skoro všechny obvyklé příkrasy kromě rýmů, na jazyce, plném výrazů hovorové češtiny, ale především na celkové atmosféře sbírky, jež překvapí svou působivostí a přesvědčivostí. Opravdu není těžké poznat, že obsah veršů je prověřený autorovými osobními zážitky a prožitky. Jsou to básně o našem soudobém světě se všemi krásami i ošklivostmi, i když ty krásy převažují. Jen nejsou čtenáři servírovány na první dobrou a musí si je ve verších poctivě vyhledat. Celkový dojem ze sbírky umocňují fotografie Vladimíra Škuty, tvořící s verši nedílný celek. Nakladatelská anotace. 
655 7 |a česká poezie  |7 fd133958  |2 czenas 
655 9 |a Czech poetry  |2 eczenas 
830 0 |a Sapfó  |0 s 
910 2 |a BOA001  |b 1-1537.298 
920 |a 5036095  |z ABG001 
928 9 |a Dr. Eva Koudelková - nakladatelství Bor 
990 |a BK 
995 |a 01 
991 |b 202501  |c NOV 
996 6 |b 2610989957  |c 1-1537.298  |l MZK  |r Sklad / do 1 hodiny  |n 0  |p p.v.  |w 001989338  |u 000010  |a 1  |e BOA001  |j MZK50  |s P